[Event "Pan American-ch U12 Girls"]
[Site "Guayaquil"]
[Date "2019.07.25"]
[Round "7"]
[White "Amaya Retamozo, Carmen Rebeca"]
[Black "Orihuela Barreda, Alondra"]
[Result "0-1"]
[WhiteElo "1130"]
[BlackElo "1370"]
[PlyCount "64"]
[EventDate "2019.07.21"]
[EventType "swiss"]
[EventRounds "9"]
[EventCountry "ECU"]
[SourceTitle "EXT 2020"]
[Source "ChessBase"]
[SourceDate "2019.10.17"]
[SourceVersion "1"]
[SourceVersionDate "2019.10.17"]
[SourceQuality "1"]

1. e4 g6 2. d4 c6 3. Nc3 d5 4. e5 h5 5. f4 Nh6 6. Nf3 Bg4 7. Be3 Nf5 8. Bf2 e6 9. Bd3 Qb6 10. Bxf5 gxf5 11. Rb1 c5 12. 0-0 Bxf3 13. Qxf3 cxd4 14. Ne2 Nc6 15. a3 a5 16. Rfd1 Bc5 17. Qd3 Rc8 18. Kf1 Kd7 19. Ke1 Rhg8 20. Qh3 Rh8 21. Qd3 a4 22. Kd2 Qa5+ 23. Kc1 Qa7 24. Nxd4 Qb6 25. c3 Rhg8 26. g3 h4 27. Kc2 Nxd4+ 28. Bxd4 Bxd4 29. Qxd4 Qb3+ 30. Kd2 hxg3 31. hxg3 Rxg3 32. Qf2 Rg4 0-1